[Event "Challenge"]
[Site "http://www.queenalice.com/game.php?id=1835708"]
[Date "2024.4.25"]
[Round "-"]
[White "PaulMSains"]
[Black "simonjscott"]
[Result "1/2-1/2"]
[WhiteElo "1892"]
[BlackElo "2252"]

1. e4 e5 2. Nf3 Nf6 3. Nc3 Nc6 4. Be2 Bb4 5. O-O O-O 6. d3 h6 7. Bd2 d6 8. h3
Be6 9. a3 Bc5 10. b4 Bd4 11. Nxd4 Nxd4 12. f4 a6 13. f5 Bd7 14. Qe1 Kh7 15. Bd1
Rh8 16. Ne2 Nxe2+ 17. Bxe2 Ba4 18. c4 c5 19. Rf3 Qe7 20. g4 Kg8 21. Rg3 Bc6 22.
Kh2 Nh7 23. Qg1 Qh4 24. Be1 Qg5 25. bxc5 dxc5 26. Qxc5 Qf4 27. Qf2 Qxf2+ 28.
Bxf2 f6 29. h4 Kf7 30. d4 exd4 31. Bd3 Rad8 32. Rag1 Rhe8 33. Re1 Re5 34. Re2
Ra5 35. Bc2 Ba4 36. Rd3 Nf8 37. Bxa4 Rxa4 38. Rb2 Rd7 39. Rb4 Ra5 40. Bxd4 Re7
41. Re3 Rd7 42. Bb6 Re5 43. c5 Rd2+ 44. Kg3 Nd7 45. Rc4 Nxb6 46. cxb6 Re7 47.
Rec3 Rd6 48. Rb3 a5 49. Ra4 Re5 50. Kf4 g5+ 51. hxg5 hxg5+ 52. Ke3 Ke7 53. Rc4
Rd7 54. Rc7 a4 55. Rb4 Ra5 56. Rxd7+ Kxd7 57. Rc4 Rb5 58. Rc7+ Kd6 59. Rxb7 Rb3+
60. Kd4 Rxa3 61. Ra7 Rb3 62. Rxa4 Rxb6 63. Rc4 Rb1 64. Ke3 Re1+ 65. Kf2 Rd1 66.
Rc2 Ke5 67. Rc6 Rd4 68. Kf3 Rd3+ 69. Kf2 Rd4 70. Re6+ Kf4 71. Rxf6 Rxe4 72. Re6
Rd4 73. f6 Rd2+ 74. Ke1 Rd8 75. f7 Rf8 76. Rf6+ Kxg4 77. Kf2 Kh5 78. Kg3 g4 79.
Rf4 Kg6 80. Kxg4 Rxf7 81. Rxf7 Kxf7 82. Kf5 1/2-1/2

[Event "Challenge"]
[Site "http://www.queenalice.com/game.php?id=1836442"]
[Date "2024.5.7"]
[Round "-"]
[White "simonjscott"]
[Black "PaulMSains"]
[Result "1-0"]
[WhiteElo "2241"]
[BlackElo "1906"]

1. Nf3 Nf6 2. g3 g6 3. Bg2 Bg7 4. O-O O-O 5. c4 c5 6. Nc3 Nc6 7. d4 cxd4 8. Nxd4
Qb6 9. Nc2 d6 10. Rb1 Be6 11. Nd5 Qd8 12. b3 Bf5 13. Nde3 Bxc2 14. Nxc2 Rb8 15.
Be3 a6 16. Qd2 Qa5 17. Qxa5 Nxa5 18. Rbd1 Nc6 19. Rd2 Ng4 20. Bb6 Nge5 21. f4
Nd7 22. Bf2 a5 23. Rfd1 Nb4 24. Nxb4 axb4 25. Rd5 b6 26. Rb5 Bc3 27. Bd4 e5 28.
Bxc3 bxc3 29. e3 Nc5 30. Rc1 e4 31. Rxc3 f5 32. Bf1 Rfd8 33. b4 Ne6 34. Rd5 Nc7
35. Rd2 Na6 36. a3 Kg7 37. c5 Ra8 38. cxd6 Nb8 39. Bb5 Ra7 40. Rc7+ 1-0

[Event "Challenge"]
[Site "http://www.queenalice.com/game.php?id=1836796"]
[Date "2024.5.13"]
[Round "-"]
[White "PaulMSains"]
[Black "simonjscott"]
[Result "0-1"]
[WhiteElo "1903"]
[BlackElo "2243"]

1. e4 e5 2. Nf3 Nc6 3. Bb5 Nf6 4. Nc3 Bc5 5. Bxc6 dxc6 6. Nxe5 Qd4 7. Nd3 Bb6 8.
Qe2 O-O 9. h3 Re8 10. e5 Bf5 11. Qe3 Bxd3 12. Qxd4 Bxd4 13. cxd3 Rxe5+ 14. Ne2
Rae8 15. O-O Rxe2 0-1

[Event "Challenge"]
[Site "http://www.queenalice.com/game.php?id=1836828"]
[Date "2024.5.14"]
[Round "-"]
[White "simonjscott"]
[Black "PaulMSains"]
[Result "1-0"]
[WhiteElo "2245"]
[BlackElo "1901"]

1. Nf3 Nf6 2. g3 g6 3. Bg2 Bg7 4. O-O O-O 5. c4 c5 6. Nc3 Nc6 7. d3 d6 8. a3 Bd7
9. b4 cxb4 10. axb4 Nxb4 11. Qb3 Qb6 12. Ba3 Nc6 13. Qxb6 axb6 14. Bb2 Na5 15.
Nd4 Nc6 16. Ndb5 Na5 17. Nc7 Rac8 18. N7d5 Bc6 19. Nxe7+ Kh8 20. Nxc8 Bxg2 21.
Kxg2 Rxc8 22. Nb5 Rc6 23. Rfb1 h5 24. Bc3 d5 25. Bxa5 bxa5 26. cxd5 Nxd5 27.
Rxa5 b6 28. Na7 Rd6 29. Nb5 Re6 30. Ra2 Kh7 31. Rc2 Ne7 32. Rc7 Rxe2 33. Kf1 Re5
34. Nd6 Kg8 35. Rxb6 Nd5 36. Rb8+ Kh7 37. Rxf7 Nf6 38. Rbb7 1-0

[Event "Challenge"]
[Site "http://www.queenalice.com/game.php?id=1837176"]
[Date "2024.5.20"]
[Round "-"]
[White "PaulMSains"]
[Black "simonjscott"]
[Result "0-1"]
[WhiteElo "1899"]
[BlackElo "2247"]

1. c4 c5 2. Nc3 Nc6 3. e3 Nf6 4. d4 cxd4 5. exd4 d5 6. Nf3 Bg4 7. cxd5 Nxd5 8.
Be2 e6 9. a3 Be7 10. Nxd5 Qxd5 11. Be3 Rd8 12. O-O O-O 13. h3 Bf5 14. Nh2 Nxd4
15. Bf3 Nxf3+ 16. Qxf3 Qxf3 17. Nxf3 b6 18. Ne5 Bf6 19. Nc6 Rd7 20. Ra2 Be4 21.
Rc1 Bd5 22. b3 Bxb3 23. Re2 Ba4 24. Nb4 Rfd8 25. g3 Rd1+ 26. Rxd1 Rxd1+ 27. Kg2
Ra1 28. Ra2 Bc6+ 29. f3 Rxa2+ 30. Nxa2 Bb2 31. Nb4 Ba4 32. Nd3 Bxa3 33. f4 Bc6+
34. Kf2 h5 35. Ne5 Bd5 36. Nd7 f6 37. Bd4 Kf7 38. g4 hxg4 39. hxg4 Ke7 40. Nb8
Bd6 0-1

[Event "Challenge"]
[Site "http://www.queenalice.com/game.php?id=1837708"]
[Date "2024.5.28"]
[Round "-"]
[White "simonjscott"]
[Black "PaulMSains"]
[Result "1-0"]
[WhiteElo "2250"]
[BlackElo "1895"]

1. Nf3 Nf6 2. g3 g6 3. Bg2 Bg7 4. O-O O-O 5. d3 c6 6. c4 d5 7. cxd5 cxd5 8. Bg5
Qb6 9. Qc1 Nbd7 10. Nc3 e6 11. Be3 Qc6 12. Nd4 Qd6 13. Ncb5 Qc5 14. Qxc5 Nxc5
15. Rac1 b6 16. Rc2 Bb7 17. b4 Na6 18. a3 Rfc8 19. Rfc1 Rxc2 20. Rxc2 e5 21. Nc6
Bxc6 22. Rxc6 e4 23. dxe4 dxe4 24. Bd4 Nh5 25. Bxe4 Bxd4 26. Nxd4 Re8 27. Bd3
Nb8 28. Rc7 a6 29. Bc4 Rf8 30. Rb7 b5 31. Bxf7+ Rxf7 32. Rxb8+ Kg7 33. e3 Kh6
34. Rb6 Rf6 35. Rxf6 Nxf6 36. f3 Nd5 37. Kf2 Kg7 38. e4 Nc3 39. Ke3 Kf6 40. f4
Na4 41. e5+ Ke7 42. Nc2 Nb6 43. Kd4 Ke6 44. Kc5 Nd7+ 45. Kc6 Nxe5+ 46. fxe5 Kxe5
47. Kb6 Ke4 48. Kxa6 Kf3 49. Kxb5 1-0

[Event "Challenge"]
[Site "http://www.queenalice.com/game.php?id=1837846"]
[Date "2024.6.1"]
[Round "-"]
[White "PaulMSains"]
[Black "simonjscott"]
[Result "0-1"]
[WhiteElo "1897"]
[BlackElo "2249"]

1. Nf3 Nf6 2. g3 g6 3. Bg2 Bg7 4. O-O O-O 5. Nc3 d5 6. b3 c5 7. d4 cxd4 8. Nxd4
Nc6 9. e3 e6 10. Bb2 a6 11. Nxc6 bxc6 12. Rb1 a5 13. Na4 Ba6 14. Re1 Qc7 15. Nc5
Rfd8 16. Nxa6 Rxa6 17. Qe2 Raa8 18. f4 a4 19. Be5 Qa5 20. b4 Qb5 21. Qxb5 cxb5
22. a3 Nd7 23. Bxg7 Kxg7 24. e4 Nb6 25. exd5 Nxd5 26. Bxd5 Rxd5 27. Rbc1 Rc8 28.
Re4 Rc3 29. Ra1 Rxc2 30. Re3 Rdd2 31. h4 Kf6 32. Rae1 Kf5 33. Re5+ Kg4 34. Rg5+
Kh3 35. h5 Rg2+ 36. Kh1 Rh2+ 0-1

[Event "Challenge"]
[Site "http://www.queenalice.com/game.php?id=1838212"]
[Date "2024.6.7"]
[Round "-"]
[White "PaulMSains"]
[Black "simonjscott"]
[Result "0-1"]
[WhiteElo "1914"]
[BlackElo "2252"]

1. Nf3 Nf6 2. g3 g6 3. Bg2 Bg7 4. O-O O-O 5. d3 c5 6. c4 Nc6 7. a3 d6 8. d4 cxd4
9. Nxd4 Nxd4 10. Qxd4 Ng4 11. Qd2 Be6 12. Bxb7 Rb8 13. Bd5 Bxd5 14. cxd5 Qb6 15.
Nc3 Bd4 16. e3 Bg7 17. b4 Rfc8 18. Bb2 Ne5 19. f4 Nc4 20. Qe2 Nxb2 0-1

[Event "Challenge"]
[Site "http://www.queenalice.com/game.php?id=1838251"]
[Date "2024.6.7"]
[Round "-"]
[White "simonjscott"]
[Black "PaulMSains"]
[Result "1-0"]
[WhiteElo "2251"]
[BlackElo "1893"]

1. Nf3 d6 2. d4 Bg4 3. c4 Bxf3 4. exf3 g6 5. Nc3 Bg7 6. Be2 Nc6 7. Be3 e5 8.
dxe5 Bxe5 9. Qb3 b6 10. O-O Nge7 11. Rac1 Nf5 12. Nd5 O-O 13. Rfe1 Nfd4 14. Bxd4
Nxd4 15. Qd1 Nxe2+ 16. Rxe2 c6 17. Nb4 Qd7 18. Rxe5 1-0

[Event "Challenge"]
[Site "http://www.queenalice.com/game.php?id=1838996"]
[Date "2024.6.21"]
[Round "-"]
[White "simonjscott"]
[Black "PaulMSains"]
[Result "0-1"]
[WhiteElo "2257"]
[BlackElo "2015"]

1. Nf3 Nf6 2. g3 g6 3. Bg2 Bg7 4. O-O O-O 5. c4 c5 6. Nc3 Nc6 7. d4 cxd4 8. Nxd4
Nxd4 9. Qxd4 Qb6 10. Qxb6 axb6 11. Be3 Ra6 12. Bd4 d6 13. Nb5 Nd7 14. Bxg7 Kxg7
15. Rfd1 Nc5 16. b3 Rd8 17. Nc7 Ra3 18. Rd2 Nxb3 19. axb3 Rxa1+ 20. Bf1 Rb1 21.
Nd5 Rxb3 22. Nxe7 Be6 23. Nd5 Bxd5 24. cxd5 Rc8 25. e3 Rc1 26. Kg2 Rbb1 27. Be2
f5 28. h4 Kf6 29. Kf3 Ke5 30. Kg2 h6 31. f4+ Kf6 32. Kf3 g5 33. hxg5+ hxg5 34.
Kf2 g4 35. Bd3 Ra1 36. Rb2 Ra5 37. e4 fxe4 38. Bxe4 b5 39. Bd3 b4 40. Rxb4 Rxd5
41. Be4 Rd2+ 42. Ke3 Rh2 43. Bxb7 Rc3+ 44. Kd4 Rxg3 45. Kd5 Rd2+ 46. Kc6 Rc3+
47. Kd7 g3 48. Rb5 Rc5 49. Rb3 Rf5 50. Rxg3 Rxf4 51. Re3 Kg7 52. Re7+ Rf7 53.
Ke6 Rxe7+ 54. Kxe7 d5 55. Ke6 d4 56. Ke5 Kf7 57. Bd5+ Ke7 58. Bc4 Rd1 59. Ke4
Kd6 60. Bd3 Kc5 61. Be2 Re1 62. Kd3 Kb4 63. Bh5 Re5 64. Bf7 Kc5 65. Bg6 Re3+ 66.
Kd2 Kc4 67. Bf7+ Kb4 68. Bd5 Rh3 69. Be6 Rc3 70. Bf5 Ra3 71. Be4 Kc4 72. Bg6 d3
73. Bf7+ Kd4 74. Be6 Rc3 75. Bf5 Rb3 76. Bg4 Rb2+ 77. Kd1 Kc3 0-1

[Event "Challenge"]
[Site "http://www.queenalice.com/game.php?id=1838997"]
[Date "2024.6.21"]
[Round "-"]
[White "PaulMSains"]
[Black "simonjscott"]
[Result "0-1"]
[WhiteElo "1941"]
[BlackElo "2254"]

1. d4 g6 2. e4 Bg7 3. Be3 d6 4. Nc3 Nf6 5. h3 O-O 6. Bd3 Nbd7 7. Nf3 b6 8. Qd2
Bb7 9. O-O-O c5 10. d5 Qc8 11. Bc4 Ba6 12. Bxa6 Qxa6 13. Kb1 b5 14. Qe2 Qa5 15.
Qxb5 Qxb5 16. Nxb5 Nxe4 17. c4 a6 18. Na3 Rfb8 19. b3 Nc3+ 20. Kc2 Nxd1 21. Rxd1
Nf6 22. Re1 Ne4 23. Re2 Nc3 24. Re1 Nxa2 25. Bd2 Kf8 26. Ng5 Nb4+ 27. Bxb4 Rxb4
28. Nxh7+ Ke8 29. Ng5 Rab8 30. Rb1 Bd4 31. f3 Be3 32. Ne4 Kd7 33. Nc3 f5 34. Na2
R4b6 35. g4 Rh8 36. Rh1 fxg4 37. fxg4 Rf8 38. Rh2 Bd4 39. Nc1 Rf3 40. Nb1 Be5
41. Rh1 e6 42. dxe6+ Kxe6 43. h4 Rg3 44. g5 Rg2+ 45. Nd2 Bf4 46. Re1+ Kf5 47.
Ne2 Bxd2 48. Kxd2 Rxb3 49. Rf1+ Kg4 50. Rf4+ Kh5 51. Kd1 Rb1+ 52. Nc1 Rg1+ 0-1

[Event "Challenge"]
[Site "http://www.queenalice.com/game.php?id=1839726"]
[Date "2024.7.5"]
[Round "-"]
[White "PaulMSains"]
[Black "simonjscott"]
[Result "1-0"]
[WhiteElo "2041"]
[BlackElo "2238"]

1. e4 g6 2. d3 Bg7 3. Nf3 d6 4. Be2 Nc6 5. O-O Nf6 6. c3 O-O 7. Be3 Bg4 8. h3
Bd7 9. Nbd2 Qc8 10. Nh2 Ne5 11. d4 Nc6 12. b4 a6 13. d5 Nd8 14. Bd4 e6 15. Bc4
exd5 16. exd5 b5 17. Bb3 c6 18. dxc6 Nxc6 19. Ndf3 Nxd4 20. Nxd4 Qxc3 21. Rc1
Qxb4 22. Nc2 Qf4 23. g3 Qh6 24. h4 Bh3 25. Re1 Rfd8 26. Re7 d5 27. Nb4 Be6 28.
Rcc7 Rd7 29. Rexd7 Bxd7 30. Nxd5 Be6 31. Nxf6+ Bxf6 32. Bxe6 fxe6 33. Ng4 Qf8
34. Qd7 1-0

[Event "Challenge"]
[Site "http://www.queenalice.com/game.php?id=1839963"]
[Date "2024.7.8"]
[Round "-"]
[White "simonjscott"]
[Black "PaulMSains"]
[Result "1/2-1/2"]
[WhiteElo "2220"]
[BlackElo "2065"]

1. Nf3 Nf6 2. g3 g6 3. Bg2 Bg7 4. O-O O-O 5. c4 d5 6. cxd5 Nxd5 7. Nc3 Nxc3 8.
dxc3 Qxd1 9. Rxd1 Nc6 10. Be3 Rd8 11. Rxd8+ Nxd8 12. Rd1 Be6 13. Ng5 Bxa2 14.
Rd7 c6 15. Rxe7 Bf6 16. Rd7 h6 17. Ne4 Bg7 18. Nc5 b6 19. Nb7 Nxb7 20. Rxb7 Bd5
21. Bxd5 cxd5 22. Rd7 a5 23. Bxb6 Rb8 24. Bxa5 Rxb2 25. Rd8+ Kh7 26. Kf1 Rb5 27.
Ra8 Rc5 28. Bb4 Rc4 29. Ra7 Kg8 30. Ra8+ Kh7 31. Ra7 Kg8 32. Ra8+ 1/2-1/2